The future of North American integration beyond NAFTA /

Bibliographic Details
Corporate Author: ProQuest (Firm)
Other Authors: Hakim, Peter., Litan, Robert E., 1950-
Format: Electronic eBook
Language:English
Published: Washington, D.C. : Brookings Institution Press, c2002.
Subjects:
Online Access:Click to View
LEADER 01681nam a22003854a 4500
001 EBC3004296
003 MiAaPQ
005 20200520144314.0
006 m o d |
007 cr cn|||||||||
008 020611s2002 dcu sb 001 0 eng
010 |z  2002009133 
020 |z 0815733984 (cloth : alk. paper) 
020 |z 0815733992 (pbk. : alk. paper) 
035 |a (MiAaPQ)EBC3004296 
035 |a (Au-PeEL)EBL3004296 
035 |a (CaPaEBR)ebr10026226 
035 |a (OCoLC)923614688 
040 |a MiAaPQ  |c MiAaPQ  |d MiAaPQ 
050 4 |a HF1746  |b .F87 2002 
082 0 4 |a 337.1/7  |2 21 
245 0 4 |a The future of North American integration  |h [electronic resource] :  |b beyond NAFTA /  |c Peter Hakim and Robert E. Litan, editors. 
260 |a Washington, D.C. :  |b Brookings Institution Press,  |c c2002. 
300 |a xi, 130 p. 
504 |a Includes bibliographical references and index. 
505 0 |t Beyond free trade/  |r Peter Hakim and Robert E. Litan--  |t Isolation or integration? : Canada in North America/  |r Perrin Beatty--  |t A Mexican perspective/  |r Andres Rozental--  |t NAFTA is not enough : an alternative vision/  |r Robert A. Pastor. 
533 |a Electronic reproduction. Ann Arbor, MI : ProQuest, 2015. Available via World Wide Web. Access may be limited to ProQuest affiliated libraries. 
610 1 0 |a Canada.  |t Treaties, etc.  |d (1992 Oct. 7) 
650 0 |a Free trade  |z North America. 
651 0 |a North America  |x Economic integration. 
655 4 |a Electronic books. 
700 1 |a Hakim, Peter. 
700 1 |a Litan, Robert E.,  |d 1950- 
710 2 |a ProQuest (Firm) 
856 4 0 |u https://ebookcentral.proquest.com/lib/matrademy/detail.action?docID=3004296  |z Click to View